Informe N° 074-2015 : Seguro Social de Salud - EsSalud, fondo común de administración - AFESSALUD; estados financieros al 31 de diciembre de 2014 y al 31 de diciembre de 2013 (Registro nro. 22553)

000 -Cabecera (24)
Campo de control interno 00758nam a22002294a 4500
001 - Número de control
Campo de control ESSALUD
007 - Tipo material - Descripcion fisica - info general
Tipo material ta
008 - Códigos de longitud fija (40p)
Campo de control de longitud fija t2015 pe gr 00| 0 spa d
040 ## - Origen de la Catalogacion
Origen de la Catalogacion ESSALUD
041 ## - Código de idioma (R)
Código de lengua del texto/banda sonora o título independiente (R) spa
043 ## - Pais ISO
País ISO pe
082 ## - Número de la Clasificación
Clasificación Dewey 657.3
Codigo Cutter E74E/2013-2014
110 ## - Autor Corporativo
Nombre de entidad corporativa o nombre de jurisdicción como elemento inicial (NR Espinoza y Asociados auditores consultores
Rol del autor autor
9 (RLIN) 52885
245 ## - Titulo
Titulo Informe N° 074-2015 : Seguro Social de Salud - EsSalud, fondo común de administración - AFESSALUD; estados financieros al 31 de diciembre de 2014 y al 31 de diciembre de 2013
250 ## - Mencion de edicion
Mencion de edicion 1 ed.
260 ## - Editorial
Ciudad Lima :
Nombre de la Editorial Espinoza y Asociados,
Fecha 2015
300 ## - Descripcion
Páginas 32 páginas
650 ## - Temas - Descriptores
Temas - Descriptores ESTADOS FINANCIEROS
9 (RLIN) 3290
650 ## - Temas - Descriptores
Temas - Descriptores SEGURIDAD SOCIAL
9 (RLIN) 2070
650 ## - Temas - Descriptores
Temas - Descriptores PERÚ
9 (RLIN) 13
942 ## - Datos personalizados Koha
Tipo de Documento Libros
Fecha procesamiento 2026-06-24
Documentalista AFC
Existencias
Fuente de Clasificacion Deterioro (estado) Colección Ubicacion permanente Ubicacion actual Fecha de Ingreso a la Biblioteca Origen de adquisicion Prestamos Codigo Código de barras Ultima fecha de verificacion Tipo de Item
    Colección Seguridad Social Biblioteca Central ESSALUD Biblioteca Central ESSALUD 24.06.2026 Donación   657.3/E74E/2013-2014 10705 24.06.2026 Libros